Leading teams. (Record no. 20403)
[ view plain ]
| 000 -LEADER | |
|---|---|
| fixed length control field | 00800cam a22002535a 4500 |
| 001 - CONTROL NUMBER | |
| control field | 13867365 |
| 005 - DATE AND TIME OF LATEST TRANSACTION | |
| control field | 20150810113901.0 |
| 008 - FIXED-LENGTH DATA ELEMENTS--GENERAL INFORMATION | |
| fixed length control field | 050210s2005 enkad frb 000 0 eng d |
| 020 ## - INTERNATIONAL STANDARD BOOK NUMBER | |
| International Standard Book Number | 0750666862 |
| 020 ## - INTERNATIONAL STANDARD BOOK NUMBER | |
| International Standard Book Number | 9780750666862 |
| 040 ## - CATALOGING SOURCE | |
| Original cataloging agency | DLC |
| Language of cataloging | eng |
| Transcribing agency | DLC |
| Modifying agency | EG-ScBUE |
| 082 04 - DEWEY DECIMAL CLASSIFICATION NUMBER | |
| Classification number | 658.4022 |
| Item number | LEA |
| Edition number | 22 |
| 245 00 - TITLE STATEMENT | |
| Title | Leading teams. |
| 246 ## - VARYING FORM OF TITLE | |
| Display text | |
| 260 ## - PUBLICATION, DISTRIBUTION, ETC. (IMPRINT) | |
| Place of publication, distribution, etc | Oxford ; |
| -- | Burlington : |
| Name of publisher, distributor, etc | Elsevier Butterowrth-Heinemann : |
| -- | eLearn : |
| -- | Pergamon Flexible Learning, |
| Date of publication, distribution, etc | 2005. |
| 300 ## - PHYSICAL DESCRIPTION | |
| Extent | xiii, 110 p. : |
| Other physical details | charts, tables ; |
| Dimensions | 30 cm. |
| 490 0# - SERIES STATEMENT | |
| Series statement | Management extra |
| 504 ## - BIBLIOGRAPHY, ETC. NOTE | |
| Bibliography, etc | Bibliography : p. 109-110 |
| 650 #0 - SUBJECT ADDED ENTRY--TOPICAL TERM | |
| Topical term or geographic name as entry element | Industrial management. |
| Source of heading or term | BUEsh |
| 651 ## - SUBJECT ADDED ENTRY--GEOGRAPHIC NAME | |
| Source of heading or term | BUEsh |
| 653 ## - INDEX TERM--UNCONTROLLED | |
| Resource For college | BAEPS, Business Administration |
| Arrived date list | August2015 |
| 655 ## - INDEX TERM--GENRE/FORM | |
| Form subdivision | |
| -- | 34232 |
| 942 ## - ADDED ENTRY ELEMENTS (KOHA) | |
| Source of classification or shelving scheme | Dewey Decimal Classification |
| Call number prefix | 658.4022 LEA |
| Withdrawn status | Lost status | Source of classification or shelving scheme | Damaged status | Not for loan | Koha collection | Home library | Current library | Shelving location | Date acquired | Source of acquisition | Cost, normal purchase price | Serial Enumeration / chronology | Total Checkouts | Full call number | Barcode | Date last seen | Cost, replacement price | Koha item type |
|---|---|---|---|---|---|---|---|---|---|---|---|---|---|---|---|---|---|---|
| Dewey Decimal Classification | Baccah | Central Library | Central Library | First floor | 02/08/2015 | 405.00 | 21758 | 658.4022 LEA | 000039676 | 15/07/2025 | 506.06 | Book - Borrowing |